000 00425nam a2200133Ia 4500
003 GCL
008 140319s9999 xx 000 0 ara d
040 _aGCL /
_cGCL
082 0 4 _a227
_bن ن
245 1 0 _a"المدخل لدراسة القرأن الكريم ""الطبعة الجديدة"""
260 _a[S.N] :
_bمكتبة السنة الدار السلفية لنشر العلم ،
_c1992
300 _a425 ص
490 _a
999 _c53415
_d53415